000 01105nam1a22002891 4500
001 v19\rc\1219306
005 20260529143407.0
035 _a(NLR Aleph) 005196086
090 _a5261801
_c5261801
100 _a20060306d1888 |||y0rusy50 ca
101 0 _arus
102 _aRU
105 _a z |||||
200 1 _aРукописный синодик 1746 года
_fРисовал и изд. И. Голышев, член разных ученых учреждений и обществ
210 _aГолышевка, близ сл. Мстеры
_d1888
215 _a3 т.
_d43х17
309 _aЛитогр.
532 1 1 _aРукописный синодик тысяча семьсот сорок шестого года
686 1 _aЭ372.24-507.20
700 1 _4440
_4650
_7ca
_8rus
_aГолышев
_bИ. А.
_f1838-1896
_gИван Александрович
_9100391
_3RU\NLR\AUTH\77117466
801 0 _aRU
_bNLR
_c20060306
_gpsbo
801 1 _aRU
_bProSoft-M
_c20060306
_2rusmarc
801 2 _aRU
_bNLR
_c20121122
_2rusmarc
852 _aNLR
_j18.24.1.8
942 _cBOOK
980 _aNB